000 00344nam a2200133Ia 4500
008 220613s9999||||xx |||||||||||||| ||und||
100 _aKenneth J W Taylor
245 0 _aClinical Applications Of The Doppler Ultrasound
250 _a2nd(1995)
260 _bLIPPINCOTT WILLIAMS & WILKINS
300 _a399
650 _aRadiology
942 _cMEDI
999 _c5539
_d5539